[Event "Chennai op 2nd"]
[Site "Chennai"]
[Date "2010.01.25"]
[Round "1"]
[White "Vijayalakshmi, Subbaraman"]
[Black "Balamurugan, M."]
[Result "1-0"]
[WhiteElo "2464"]
[BlackElo "1840"]
[PlyCount "97"]
[EventDate "2010.01.25"]
[EventType "swiss"]
[EventRounds "11"]
[EventCountry "IND"]
[SourceTitle "CBM 134 Extra"]
[Source "ChessBase"]
[SourceDate "2010.03.03"]
[SourceVersion "1"]
[SourceVersionDate "2010.03.03"]
[SourceQuality "1"]

1. d4 d5 2. c4 c6 3. Nf3 Nf6 4. Nc3 a6 5. e3 b5 6. b3 Bg4 7. Be2 Nbd7 8. h3 Bxf3 9. Bxf3 e6 10. 0-0 Be7 11. Qc2 Rc8 12. e4 0-0 13. e5 Ne8 14. c5 f6 15. exf6 Bxf6 16. Be3 e5 17. Ne2 Nc7 18. Bg4 Qe7 19. dxe5 Bxe5 20. Nd4 Bxd4 21. Bxd4 Rce8 22. Qc3 Qf7 23. Bxg7 b4 24. Qg3 Qxg7 25. Qxc7 Ne5 26. Qxg7+ Kxg7 27. a3 Nxg4 28. hxg4 a5 29. axb4 axb4 30. Ra6 Rf6 31. Rb6 Rd8 32. Rxb4 d4 33. Rd1 d3 34. Re4 Rf7 35. f3 Ra7 36. Re6 Ra2 37. Rxc6 Rc2 38. Rd6 Re8 39. Kh2 Ree2 40. Kg3 Rxg2+ 41. Kf4 Rxc5 42. Rd7+ Kg8 43. R1xd3 Re2 44. Ra7 Re8 45. Rdd7 Rb8 46. Rg7+ Kh8 47. Rxh7+ Kg8 48. Rag7+ Kf8 49. Rh8+ 1-0